La imperfecta casada (Registro nro. 9380)
[ vista simple ]
| 000 -CABECERA | |
|---|---|
| Longitud fija campo de control | 01007nam a2200301 i 4500 |
| 003 - IDENTIFICADOR DEL NUMERO DE CONTROL | |
| Identificador del número de control | CO-BoRNBP |
| 005 - FECHA Y HORA DE LA ULTIMA TRANSACCION | |
| Fecha y hora de la última transacción | 20230412163633.0 |
| 007 - CAMPO FIJO DE DESCRIPCION FISICA | |
| Campo fijo de descripción física | ta |
| 008 - CODIGOS DE INFORMACION DE LONGITUD FIJA | |
| Códigos de información de longitud fija | 200428s1995 sp a gr 000 0 spa d |
| 020 ## - NUMERO INTERNACIONAL NORMALIZADO PARA LIBROS | |
| Número Internacional Normalizado para Libros (ISBN) | 9580709181 |
| 040 ## - FUENTE DE LA CATALOGACION | |
| Centro catalogador de origen | CO-BoRNBP |
| Lengua de catalogación | spa |
| Normas de descripción | rda |
| Centro transcriptor | CO-BoRNBP |
| 041 0# - CODIGO DE LENGUA | |
| Código de lengua del texto/banda sonora o título independiente | spa |
| 043 ## - CODIGO DE AREA GEOGRAFICA | |
| Código de área geográfica | e-sp |
| 084 ## - Clasificación Local Alfanúmerica PNLB | |
| Número de clasificación | C ALA1 |
| 100 1# - PUNTO DE ACCESO PRINCIPAL-NOMBRE DE PERSONA | |
| Nombre de persona | García-Alas, Leopoldo Enrique, |
| Fechas asociadas al nombre | 1852-1901 |
| Término indicativo de función | autor |
| 245 13 - TITULO PROPIAMENTE DICHO | |
| Título | La imperfecta casada |
| Mención de responsabilidad, etc. | Leopoldo Enrique García-Alas |
| 250 ## - MENCION DE EDICION | |
| Mención de edición | Primera edición |
| 264 #1 - PRODUCCION, PUBLICACION , DISTRIBUCION, FABRICACION Y COPYRIGHT | |
| Lugar de producción, publicación, distribución, fabricación | Medellín, Colombia |
| Nombre del productor, editor, distribuidor, fabricante | Edilux |
| Fecha de de producción, publicación, distribución, fabricación o copyright | 1995 |
| 300 ## - DESCRIPCION FISICA | |
| Extensión | 174, 31 páginas (paginación variada) |
| Otras características físicas | ilustraciones a color |
| Dimensiones | 22 cm |
| 336 ## - TIPO DE CONTENIDO | |
| Fuente | rdacontent |
| Término de tipo de contenido | texto |
| Código de tipo de contenido | txt |
| 337 ## - TIPO DE MEDIO | |
| Fuente | rdamedia |
| Nombre del tipo de medio | sin mediación |
| Código del tipo de medio | n |
| 338 ## - TIPO DE SOPORTE | |
| Fuente | rdacarrier |
| Nombre del tipo de soporte | volumen |
| Código del tipo de soporte | nc |
| 490 0# - MENCION DE SERIE | |
| Mención de serie | Biblioteca distinta |
| 521 ## - NOTA DE PUBLICO DESTINATARIO | |
| Nota público destinatario (R ) | Recomendado para una audiencia mayor a 17 años |
| 650 17 - PUNTO DE ACCESO ADICIONAL DE MATERIA - TERMINO DE MATERIA | |
| Término de materia o nombre geográfico como elemento inicial | Cuentos infantiles españoles |
| Subdivisión cronológica | Siglo XIX |
| Fuente del encabezamiento | ARMARC |
| 650 17 - PUNTO DE ACCESO ADICIONAL DE MATERIA - TERMINO DE MATERIA | |
| Término de materia o nombre geográfico como elemento inicial | Literatura infantil española |
| Subdivisión cronológica | Siglo XIX |
| Fuente del encabezamiento | ARMARC |
| 942 ## - ENTRADA DE ELEMENTOS AGREGADOS (KOHA) | |
| Koha [por defecto] tipo de item | Libro Literatura |
| Perdido | Fuente de clasificación o esquema | Estado Físico | No para préstamo | Forma de adquisición | Localización permanente | Localización actual | Localización en estanterías | Fecha adquisición | Préstamos totales | Signatura completa | Código de barras | Fecha última consulta | Número de copia | Fecha del precio de reemplazo | Tipo de item de Koha |
|---|---|---|---|---|---|---|---|---|---|---|---|---|---|---|---|
| Dewey Decimal Classification | Colección General | Biblioteca Pública Guamal | Biblioteca Pública Guamal | General | 04/12/2023 | 863.5 A51i | GUA003094 | 04/12/2023 | Ej.1 | 04/12/2023 | Libro Literatura |